000 00366nam a2200145Ia 4500
008 230917s9999||||xx |||||||||||||| ||und||
040 _e76298
_aMAIN
041 _aEnglish
082 _a658.42 B812P
100 _aBrown, Courtney C
245 0 _aPutting the corporate board to work
260 _aNew York
_bMacmillan
_c1976
300 _axxv, 159 p.
942 _cBK
999 _c227981
_d227981